000 00679 a2200193 4500
001 133921
020 _a85-02-01812-4
040 _cLeonardo Da Vinci
041 _aPortuguês
082 _a343.03 M266m
_bM266m
100 _aJARDIM, Eduardo Marcial Ferreira
245 _aManual de direito financeiro e tributário
250 _a2.ed
260 _bSaraiva
_c1994
_aSão Paulo
300 _a285
362 _a19940000
697 _aDireito
_aDireito financeiro
_aDireito tributário
_aSistema financeiro nacional
_aLegislação
_aLeis
_aFinança
_aFinança pública
_aImpostos
_aTributação
_aProcesso judicial
_aDespesa
_aReceita
_aOrçamento
_aCrédito
_aBrasil
_aFIPEN
942 _cBK
999 _c133921
_d133921